Statistics for SZA - PSA (All Lyrics)

Click here to take the quiz!

General Stats

  • This quiz has been taken 20 times
  • The average score is 116 of 137

Answer Stats

Answer% Correct
callin'
100%
do
100%
don't
100%
go
100%
got
100%
I
100%
Know
100%
know
100%
me
100%
nobody
100%
number
100%
one
100%
problems,
100%
want
100%
when,
100%
when
100%
anything
94%
but
94%
it
94%
it,
94%
like
94%
oh
94%
(Ooh)
94%
Ooh,
94%
the
94%
You
94%
you
94%
even
88%
Even
88%
how
88%
I'm
88%
to
88%
with
88%
your
88%
always
82%
ass
82%
be
82%
causes
82%
deserve
82%
energy
82%
fine
82%
get
82%
I'd
82%
in
82%
just
82%
knew,
82%
lost
82%
monkey
82%
my
82%
playin'
82%
plenty,
82%
pot
82%
put
82%
rather
82%
see,
82%
they
82%
things
82%
what
82%
about
76%
Actin'
76%
are
76%
bottom
76%
by
76%
cry
76%
dick
76%
feeders,
76%
Henny
76%
liter
76%
losses
76%
off
76%
off,
76%
pay
76%
pennies
76%
Pissin'
76%
serve
76%
should
76%
suckin'
76%
time
76%
worse
76%
would
76%
Y'all
76%
chase
71%
envy,
71%
hit
71%
possum
71%
Still
71%
Baryshnikov
65%
bury
65%
dodgin',
65%
fight
65%
I'll
65%
Not
65%
tryna
65%
up,
65%
waste
65%
it'd
59%
make
47%
slick
47%

Score Distribution

Percentile by Number Answered

Percent of People with Each Score

Your Score History

You have not taken this quiz